MARC

LEADER 00000nam0a2200000 4500
001 372380
005 20231102012454.0
035 |a (RuTPU)RU\TPU\retro\29803 
035 |a RU\TPU\book\304700 
090 |a 372380 
100 |a 20221214d1967 k y0rusy50 ca 
101 1 |a rus  |c eng 
102 |a RU 
105 |a a z 001zy 
200 1 |a Кордильеры Америки  |e пер. с англ.  |f под ред. О. Э. Чайлдса ; Б. У. Биба 
210 |a Москва  |c Мир  |d 1967 
215 |a 242 с.  |c ил. 
320 |a Библиография в конце статей 
606 1 |a Тектоника  |2 stltpush  |3 (RuTPU)RU\TPU\subj\58770  |9 76521 
606 1 |a Нефтегазовые месторождения  |x Геология  |2 stltpush  |3 (RuTPU)RU\TPU\subj\68603  |9 83810 
610 1 |a Анды 
610 1 |a Аргентина 
610 1 |a Боливия 
610 1 |a разломы 
610 1 |a Венесуэла 
610 1 |a тектоническое развитие 
610 1 |a верхнемеловые породы 
610 1 |a третичные породы 
610 1 |a Скалистые горы 
610 1 |a поднятия 
610 1 |a надвиги 
610 1 |a Аляска 
610 1 |a структура 
610 1 |a тектоническое развитие 
675 |a 551.24  |v 3 
675 |a 553.98  |v 3 
702 1 |a Чайлдс  |b О. Э.  |4 340 
702 1 |a Биб  |b Б. У.  |4 340 
801 1 |a RU  |b 63413507  |c 20150117 
801 2 |a RU  |b 63413507  |c 20221214  |g RCR 
942 |c BK